| 000 | 01038nam a2200217Ia 4500 | ||
|---|---|---|---|
| 999 |
_c40827 _d40827 |
||
| 001 | 7467 | ||
| 003 | GE_BSU | ||
| 005 | 20231211112250.0 | ||
| 008 | 181216s1965||||ge |||||||||||||| ||geo|| | ||
| 040 | _cGE_BSU | ||
| 041 | _ageo | ||
| 080 | _a821.353.1-32+821.1-31 დ- 26 | ||
| 100 |
_aდგებუაძე-ფულარია, ფუცუ _920637 |
||
| 245 |
_aოქროს ბეჭედი : _bრომანი- მოთხრობები / _cფუცუ დგებუაძე-ფულარია ; რედ. ლ. ნანიტაშვილი ; მხატვ. ი. ჩიკვაიძე, ო. ქოჩაკიძე და სხვ. |
||
| 264 |
_aთბილისი : _bსაბჭ. საქართველო, _c1965. |
||
| 300 |
_a615 გვ. ; _c22 სმ. |
||
| 653 | _aოქროს ბეჭედი | ||
| 653 | _aრომანი-მოთხრობები | ||
| 700 |
_aნანიტაშვილი, ლ. _eრედაქტორი _91270 |
||
| 942 |
_cBK _2udc |
||